000
00309nam a22001337a 4500
020
_a
978-81-8296-429-7
082
_a
920
_b
WAS/U
100
_a
WASHINGTON,T BOOKER
245
_a
UP FROM SLAVERY
260
_a
NEW DELHI
_b
ARYA PUBLISHING COMPANY
300
_a
257
650
_a
AUTOBIOGRAPHY
_z
INDIA
942
_c
BK
999
_c
5675
_d
5675